000
00201nam a22001097a 4500
040
_c
SY
082
_a
631
100
_a
NA
245
_a
Planning for agriculture
260
_a
RUA
_b
NA
_c
1999
942
_c
EK
999
_c
9787
_d
9787